[Event "Borisoglebsk Bocharov Memorial"]
[Site "Borisoglebsk"]
[Date "2012.03.29"]
[Round "1"]
[White "Erofeev, Aleksey"]
[Black "Peskov, Alexsey"]
[Result "0-1"]
[WhiteElo "1835"]
[BlackElo "2395"]
[PlyCount "53"]
[EventDate "2012.03.29"]
[EventType "swiss"]
[EventRounds "9"]
[EventCountry "RUS"]
[SourceTitle "EXT 2013"]
[Source "ChessBase"]
[SourceDate "2012.11.22"]
[SourceVersion "1"]
[SourceVersionDate "2012.11.22"]
[SourceQuality "1"]

1. e4 c5 2. Nf3 e6 3. d4 cxd4 4. Nxd4 a6 5. Nc3 Qc7 6. a3 Nf6 7. Be2 Nc6 8. Nb3 Be7 9. Be3 0-0 10. 0-0 d6 11. f3 b5 12. Qe1 Bb7 13. Qf2 Rac8 14. f4 Nd7 15. Bf3 Bf6 16. Nd1 Ne7 17. c3 g6 18. Qe2 Nb6 19. Bxb6 Qxb6+ 20. Qe3 Qc7 21. Nf2 Bg7 22. Nd3 Rcd8 23. Rad1 Nc8 24. e5 Bxf3 25. gxf3 Nb6 26. exd6 Qxd6 27. Qc5 0-1